Normal view MARC view
  • Eddins, Steven L.,

Entry Personal Name

Number of records used in: 1

001 - CONTROL NUMBER

  • control field: 34251

003 - CONTROL NUMBER IDENTIFIER

  • control field: OSt

005 - DATE AND TIME OF LATEST TRANSACTION

  • control field: 20131028125642.0

008 - FIXED-LENGTH DATA ELEMENTS

  • fixed length control field: 131028|| aca||aabn | a|a d

040 ## - CATALOGING SOURCE

  • Original cataloging agency: OSt
  • Transcribing agency: OSt

100 ## - HEADING--PERSONAL NAME

  • Personal name: Eddins, Steven L.,
  • Dates associated with a name: 1964-

670 ## - SOURCE DATA FOUND

  • Source citation: Work cat.: (OSt)0: Gonzalez, Rafael C. 34247, Digital Image processing using MATLAB /, 2011